000 00980nmb a2200265uu 4500
001 02671
003 HDC
007 cr aa aaaau
008 201216p2014 uk ||||| |||| 00| 0 eng d
040 _aHDC
100 _aMohammed M. Almossawi
_eauthor
_9284
245 0 _aImpact of religion on the effectiveness of the promotional aspect of product packages Muslim countries /
_cMohammed M. Almossawi
260 _aBingley, U.K. :
_bEmerald Group Publishing Limited,
_c2014
300 _a1 online resource (21 pages)
336 _atext
_2rdacontent
337 _acomputer
_2rdamedia
338 _aonline resource
_2rdacarrier
650 _aCross-cultural marketing
_9285
650 _aEnvironmental management
_9286
650 _aIslamic marketing
_9192
856 _zRequest full-text at [email protected]
942 _2lcc
942 _cAR
942 _kJART 001002
999 _c58
_d58